LEADER 01038nam a2200241 4500 001 000000335333 003 CaOOAMICUS 005 20190930114851.0 008 190723s1985 xxk 000 u eng r 020 $a0-19-812751-0 040 $aSeMil$bita 100 1 $aNewman, John Henry,$c.$0(OLS)http://semarc/name/1226 245 13$aAn essay in aid of A grammar of assent /$cby John Henry Newman ; edited with introduction and notes by I.T. Ker. 264 1$aOxford :$bClarendon Press,$c1985. 300 $aLXX, 409 p. ;$c22 cm 700 1 $aKer, Ian <1942- >.$0(OLS)http://semarc/name/1503 850 $aSeMil 852 $aSeMil$W1$xVenegono$y1$m2X V 243$j216459$B227283$CSeMilBibl$Z2$F227283 $81 961 $aAntonelli don Mario - Omaggio 996 $6020$a0-19-812751-0$9(OLS)http://semarc/number/288124 996 $6245$aAn essay in aid of A grammar of assent$9(OLS)http://semarc/title/265660 996 $6264$aOxford :$bClarendon Press$9(OLS)http://semarc/publisher/30012 LEADER 01204nam a2200277 i 4500 001 000000051973 003 CaOOAMICUS 005 20060523000000.0 008 060523s1979 it u000 u ita u 013 $a23145 040 $aSeMil$bita 100 0 $aGregorius : Nyssenus,$c.$0(OLS)http://semarc/name/89135 245 10$aFine, professione e perfezione del cristiano /$cGregorio di Nissa ; traduzione, introduzione e note a cura di Salvatore Lilla. 260 $aRoma :$bCittà Nuova,$ccopyr. 1979. 300 $a123 p. ;$c21 cm. 490 0 $aCollana di testi patristici ;$v15 650 4$aPatristica - Scrittori greci.$0(OLS)http://semarc/subject/167 700 1 $aLilla, Salvatore.$0(OLS)http://semarc/name/25666 830 0$aCollana di testi patristici ;$v15.$0(OLS)http://semarc/title/2 850 $aSeMil 852 $aSeMil$W1$xVenegono$y1$m2U III 115$j18128$B18128$CSeMilBibl$Z2$F18129 $81 900 0 $aGregorio : di Nissa$c. 961 $aOmaggio: Altro 996 $6245$aFine, professione e perfezione del cristiano$9(OLS)http://semarc/title/79662 996 $6260$aRoma :$bCittà Nuova$9(OLS)http://semarc/publisher/29609